00669nam a2200157Ia 4500008004100000041001200041082001900053100006000072245011200132260002700244300001400271650003000285942000700315999001900322952017000341231217s9999 xx 000 0 und d aEnglish a658.3 ROT `R' aRothwell, William J Prescott, Robert K Taylor, Maria W 0aStrategic human resource leader: How to prepare your organization for the six key trends shaping the future c1999bMumbai : Jaico,  axxvii+348 aHuman resource management cAA c167439d167439 r2024-01-26 00:00:00l0o658.3 ROT `R'p16600v760.75w2024-01-26yAA1040708CL00aMLbMLd2000-11-25eSupreethg895.00EMBAK1950L12/11/2003GRSF1V134.25W15